[Event "25th Czech Open A 2014"]
[Site "Pardubice CZE"]
[Date "2014.07.25"]
[Round "8.92"]
[White "Zhalmakhanov, Ramazan"]
[Black "Sihite, Chelsie Monica Ignesias"]
[Result "1-0"]
[BlackTitle "WIM"]
[WhiteElo "2072"]
[BlackElo "2228"]
[WhiteFideId "13706357"]
[BlackFideId "7101198"]
[EventDate "2014.07.18"]

1. e4 e5 2. Nf3 Nc6 3. Bb5 a6 4. Ba4 Nf6 5. O-O b5 6. Bb3 Bc5 7. Nxe5 Nxe5 8. d4
Bxd4 9. Qxd4 d6 10. f4 c5 11. Qc3 Ng6 12. e5 Ne4 13. Qd3 c4 14. Qxe4 d5 15. Qd4
Bf5 16. c3 cxb3 17. axb3 O-O 18. Be3 Ne7 19. Qd1 Qc8 20. Nd2 Bd3 21. Re1 Nf5 22.
Bf2 Ne7 23. b4 Re8 24. Nb3 Qf5 25. Nc5 Bc2 26. Qf3 Ng6 27. Be3 Be4 28. Qf2 f6
29. exf6 Qxf6 30. g3 h5 31. Bd4 Qf5 32. Re3 Re7 33. Rae1 h4 34. Nxe4 dxe4 35.
Qg2 h3 36. Qe2 Rae8 37. Rf1 Rf7 38. g4 Qd5 39. f5 Nh4 40. Rxh3 Qd8 41. Qe3 Nf3+
42. Kh1 Rd7 43. f6 gxf6 44. Qh6 Nxd4 45. Rxf6 1-0

[Event "25th Czech Open A 2014"]
[Site "Pardubice CZE"]
[Date "2014.07.26"]
[Round "9.1"]
[White "Poetsch, Hagen"]
[Black "Nisipeanu, Liviu-Dieter"]
[Result "0-1"]
[WhiteTitle "IM"]
[BlackTitle "GM"]
[WhiteElo "2477"]
[BlackElo "2686"]
[WhiteFideId "24615137"]
[BlackFideId "1202758"]
[EventDate "2014.07.18"]

1. e4 c5 2. Nf3 e6 3. g3 Nc6 4. Bg2 Nf6 5. Qe2 e5 6. O-O Be7 7. c3 O-O 8. Rd1 d5
9. exd5 Qxd5 10. d3 Rd8 11. Ng5 Qd6 12. Na3 Bg4 13. Bf3 Bxf3 14. Qxf3 h6 15. Ne4
Nxe4 16. Qxe4 Qe6 17. f4 f5 18. Qe2 Qd5 19. Be3 exf4 20. Bxf4 Bf6 21. Nb5 Rac8
22. c4 Bd4+ 23. Nxd4 Nxd4 24. Qf2 Qc6 25. Rf1 Re8 26. Be3 Rxe3 27. Qxe3 Re8 0-1

[Event "25th Czech Open A 2014"]
[Site "Pardubice CZE"]
[Date "2014.07.26"]
[Round "9.2"]
[White "Arun Prasad, S."]
[Black "Pavlidis, Antonios"]
[Result "1/2-1/2"]
[WhiteTitle "GM"]
[BlackTitle "IM"]
[WhiteElo "2472"]
[BlackElo "2479"]
[WhiteFideId "5011167"]
[BlackFideId "4212312"]
[EventDate "2014.07.18"]

1. d4 d5 2. c4 c6 3. Nc3 Nf6 4. e3 e6 5. Nf3 Nbd7 6. Qc2 Bd6 7. b3 O-O 8. Be2 b6
9. Bb2 Bb7 10. O-O Qe7 11. Rad1 Rad8 12. Rfe1 Rfe8 13. h3 c5 14. cxd5 exd5 15.
Qb1 Bb8 16. Bf1 a6 1/2-1/2

[Event "25th Czech Open A 2014"]
[Site "Pardubice CZE"]
[Date "2014.07.26"]
[Round "9.3"]
[White "Cvek, Robert"]
[Black "Vorobiov, Evgeny E."]
[Result "1/2-1/2"]
[WhiteTitle "GM"]
[BlackTitle "GM"]
[WhiteElo "2516"]
[BlackElo "2591"]
[WhiteFideId "307424"]
[BlackFideId "4121341"]
[EventDate "2014.07.18"]

1. Nf3 Nf6 2. c4 g6 3. Nc3 Bg7 4. e4 d6 5. d4 O-O 6. Be2 c6 7. O-O e5 8. d5 c5
9. Ne1 Ne8 10. Nd3 Nd7 11. Be3 f5 12. exf5 gxf5 13. f4 Qe7 14. fxe5 Nxe5 15.
Nxe5 Bxe5 16. Qd2 Bd7 17. Bd3 Ng7 18. Rae1 Rae8 19. Bg5 Qf7 20. Bf4 Qg6 21. Kh1
b6 22. Ne2 Kh8 23. Rf3 Nh5 24. Ref1 Rg8 25. g3 Rgf8 26. Qc2 Nxf4 27. Nxf4 Qg7
28. b3 Qh6 29. Kg2 a6 30. Ne6 Bxe6 31. dxe6 Rxe6 32. Bxf5 Ref6 33. Be4 Rxf3 34.
Rxf3 Rxf3 35. Bxf3 Kg7 36. Bb7 a5 37. Bd5 Qe3 38. Qd1 Qd4 39. Qf3 Qd2+ 40. Qf2
Qxf2+ 41. Kxf2 a4 42. bxa4 Bc3 43. Kf3 h6 44. Ke4 Bb4 45. Bb7 Ba5 1/2-1/2

[Event "25th Czech Open A 2014"]
[Site "Pardubice CZE"]
[Date "2014.07.26"]
[Round "9.4"]
[White "Wagner, Dennis"]
[Black "Kravtsiv, Martyn"]
[Result "1/2-1/2"]
[WhiteTitle "IM"]
[BlackTitle "GM"]
[WhiteElo "2485"]
[BlackElo "2569"]
[WhiteFideId "24650684"]
[BlackFideId "14113147"]
[EventDate "2014.07.18"]

1. d4 Nf6 2. c4 e6 3. Nf3 d5 4. Nc3 Bb4 5. cxd5 exd5 6. Bg5 Nbd7 7. e3 c5 8.
dxc5 Qa5 9. Rc1 Bxc3+ 10. bxc3 O-O 11. Nd4 Ne4 12. Bf4 Ndxc5 13. f3 Nf6 14. Qd2
Bd7 15. Be2 Rfe8 16. O-O b5 17. Bg5 Nfe4 18. fxe4 Nxe4 19. Nb3 Nxd2 20. Nxa5
Nxf1 21. Bxf1 Rac8 22. Nb3 a5 23. Bf4 a4 24. Nd4 b4 25. Ne2 bxc3 26. Rxc3 Bb5
27. Kf2 f6 28. Bc7 Bc4 29. Bb6 Bxa2 30. Ra3 Bb3 31. Nd4 Bc4 32. Be2 Bxe2 33.
Nxe2 Rc4 34. Nc3 Rb8 35. Nxd5 Kf7 36. Bd4 Rb3 37. Ra2 a3 38. Ke2 Ke6 39. Nf4+
Kf5 40. Nd3 h5 41. Kd2 1/2-1/2

[Event "25th Czech Open A 2014"]
[Site "Pardubice CZE"]
[Date "2014.07.26"]
[Round "9.5"]
[White "Alekseenko, Kirill"]
[Black "Baryshpolets, Andrey"]
[Result "1-0"]
[WhiteTitle "FM"]
[BlackTitle "GM"]
[WhiteElo "2468"]
[BlackElo "2546"]
[WhiteFideId "4135539"]
[BlackFideId "14117207"]
[EventDate "2014.07.18"]

1. e4 e5 2. Nf3 Nc6 3. Bb5 Nf6 4. d3 Bc5 5. Bxc6 dxc6 6. O-O Nd7 7. Nbd2 O-O 8.
Nc4 Re8 9. Bd2 Bf8 10. a4 f6 11. b4 Nb6 12. Ne3 Be6 13. Qe2 Qd7 14. a5 Nc8 15.
c4 Rd8 16. Ra3 Ne7 17. Rb1 Ng6 18. g3 Be7 19. Ne1 Rf8 20. Bc3 Rad8 21. Ra2 a6
22. Rd2 Qc8 23. N1g2 c5 24. b5 axb5 25. Rxb5 c6 26. Rb1 Bd6 27. h4 Rf7 28. Rf1
Nf8 29. h5 g6 30. f4 exf4 31. Nxf4 Be5 32. Bxe5 fxe5 33. Nxe6 Rxf1+ 34. Qxf1
Qxe6 35. Rf2 Nd7 36. Qb1 Rb8 37. Rb2 Qh3 38. Nf1 Nf6 39. Rxb7 Rf8 40. a6 Nxh5
41. Rb8 Nxg3 42. Rxf8+ Kxf8 43. a7 Ne2+ 44. Kf2 Nf4 45. a8=Q+ Kg7 46. Qbb7+ Kh6
47. Qf8+ 1-0

[Event "25th Czech Open A 2014"]
[Site "Pardubice CZE"]
[Date "2014.07.26"]
[Round "9.6"]
[White "Vavulin, Maksim"]
[Black "Stocek, Jiri"]
[Result "1/2-1/2"]
[WhiteTitle "IM"]
[BlackTitle "GM"]
[WhiteElo "2393"]
[BlackElo "2545"]
[WhiteFideId "4169530"]
[BlackFideId "304760"]
[EventDate "2014.07.18"]

1. e4 e6 2. d4 d5 3. Nd2 a6 4. Bd3 c5 5. dxc5 Bxc5 6. Ngf3 Nc6 7. a3 Nf6 8. O-O
h6 9. b4 Ba7 10. Bb2 O-O 11. e5 Nh7 12. c4 Bd7 13. Rc1 Qe7 14. Qc2 Ng5 15. Ne1
Nd4 16. Bxd4 Bxd4 17. h4 dxc4 18. Nxc4 b5 19. hxg5 bxc4 20. Be4 Rac8 21. Nf3 Ba7
22. gxh6 Rc7 23. hxg7 Kxg7 24. Qd2 f5 25. exf6+ Qxf6 26. Qd6 Qf4 27. Qxf4 Rxf4
28. Rfe1 c3 29. g3 Rf8 30. Kg2 Ba4 31. Rh1 Rff7 32. Rh7+ Kf8 33. Rxf7+ Kxf7 34.
Kf1 Bb5+ 35. Ke1 Kf6 36. Bc2 Rc8 37. Be4 e5 38. Rd1 Rh8 39. Nh4 Bd4 40. Bc2 Bc4
41. Rb1 e4 42. Rd1 Bd3 43. Rxd3 exd3 44. Bxd3 Re8+ 45. Kd1 Bxf2 46. Kc2 Bxg3 47.
Nf3 Re3 48. Nd4 Ke5 49. Ne2 Be1 50. Bxa6 Rh3 51. Bd3 Rh8 52. a4 Rh4 53. Nxc3
Rxb4 54. Bb5 Rh4 55. Ne2 Ke4 56. Nc1 Ba5 57. Nd3 Kd4 58. Kb3 Rh3 59. Ba6 Rh7 60.
Bb5 Rc7 61. Kb2 Bd2 62. Kb3 Ke4 63. Bc4 Ba5 64. Bb5 Rc3+ 65. Kb2 Kd4 66. Ba6 Bd8
67. Bb5 Bf6 68. Ka2 Ke3 69. Kb1 Kd2 70. Ka2 Bd4 71. Ba6 Bb6 72. Bb5 Bc7 73. Kb2
Bd6 74. Ka2 Rc7 75. Kb3 Rc3+ 76. Ka2 Rc8 77. Kb3 Be7 78. Kb2 Bf6+ 79. Kb3 Rc3+
80. Kb4 Be7+ 81. Ka5 Ke3 82. Ne5 Ke4 83. Nc6 Bc5 84. Ka6 Kd5 85. Nb8 Be3 86. Ka5
Kd6 87. Nd7 Bd2 88. Kb6 Rf3 89. Nb8 Rf8 90. Nd7 Rf4 91. Nb8 Be3+ 92. Kb7 Rf2 93.
Nd7 Rc2 94. Kb8 Rc7 95. Nf6 Ba7+ 96. Ka8 Kc5 97. Nd7+ Kb4 98. Ne5 Bb6 99. Kb8
Rc3 100. Kb7 Bg1 101. Nd3+ Ka5 102. Ne5 Kb4 1/2-1/2

[Event "25th Czech Open A 2014"]
[Site "Pardubice CZE"]
[Date "2014.07.26"]
[Round "9.7"]
[White "Sundararajan, Kidambi"]
[Black "Gopal, G.N."]
[Result "0-1"]
[WhiteTitle "GM"]
[BlackTitle "GM"]
[WhiteElo "2414"]
[BlackElo "2544"]
[WhiteFideId "5005370"]
[BlackFideId "5015693"]
[EventDate "2014.07.18"]

1. d4 Nf6 2. Bg5 d5 3. e3 c5 4. c3 Qb6 5. Qb3 c4 6. Qc2 Ne4 7. Bf4 Bf5 8. f3 e5
9. Bxe5 Ng3 10. e4 Nxh1 11. exf5 Nc6 12. Bf4 O-O-O 13. Ne2 Bd6 14. Bxd6 Rxd6 15.
Nd2 Re8 16. f4 Rd7 17. Nf3 f6 18. Rd1 Re3 19. Ng1 Rd3 20. Rd2 Re7 21. g3 Nxd4
22. cxd4 Rxd4 23. Rxd4 Qxd4 24. Nh3 Qc5 25. Qd2 d4 26. Kd1 b5 27. Bg2 b4 28.
Nxd4 Rd7 29. Kc1 Rxd4 30. Qe1 c3 31. Bxh1 Rd2 32. Qe4 Kd8 33. Bf3 Rd4 34. Qa8+
Ke7 35. Qb7+ Rd7 36. Qe4+ Kd6 37. Be2 Re7 38. Qd3+ Kc6 39. Qa6+ Kc7 40. Qc4 Qxc4
41. Bxc4 Re1+ 42. Kc2 Rh1 0-1

[Event "25th Czech Open A 2014"]
[Site "Pardubice CZE"]
[Date "2014.07.26"]
[Round "9.8"]
[White "Mozharov, Mikhail"]
[Black "Vokac, Marek"]
[Result "1/2-1/2"]
[WhiteTitle "GM"]
[BlackTitle "GM"]
[WhiteElo "2540"]
[BlackElo "2443"]
[WhiteFideId "4189825"]
[BlackFideId "300101"]
[EventDate "2014.07.18"]

1. Nf3 d5 2. d4 Nf6 3. g3 c6 4. Bg2 Bf5 5. O-O e6 6. c4 Nbd7 7. Qb3 Qb6 8. c5
Qxb3 9. axb3 a6 10. b4 h6 11. Nc3 Rc8 12. Nd2 Bc2 13. Re1 Be7 14. Bh3 O-O 15. f3
Rce8 16. e4 e5 17. Ne2 dxe4 18. Nxe4 Bxe4 19. fxe4 Rd8 20. Bg2 exd4 21. Nxd4 Ne5
22. Nf5 Rfe8 23. Bf4 Bf8 24. Red1 Nd3 25. Nd6 Bxd6 26. Bxd6 Nxb4 27. e5 Ng4 28.
Ra4 a5 29. Rxa5 Nxe5 30. Ra7 Nbd3 31. Rf1 Nxb2 32. Bxe5 Rxe5 33. Rxb7 Nd3 34.
Rfxf7 Rg5 35. Rfd7 Rxd7 36. Rxd7 Nxc5 37. Rd8+ Kf7 1/2-1/2

[Event "25th Czech Open A 2014"]
[Site "Pardubice CZE"]
[Date "2014.07.26"]
[Round "9.9"]
[White "Belyakov, Bogdan"]
[Black "Saric, Ante"]
[Result "1/2-1/2"]
[WhiteTitle "IM"]
[BlackTitle "GM"]
[WhiteElo "2456"]
[BlackElo "2536"]
[WhiteFideId "24104795"]
[BlackFideId "14506254"]
[EventDate "2014.07.18"]

1. e4 c5 2. c3 d5 3. exd5 Qxd5 4. d4 Nf6 5. Nf3 e6 6. Be2 Nc6 7. O-O cxd4 8.
Nxd4 Nxd4 9. cxd4 Be7 10. Nc3 Qd6 11. Bf3 O-O 12. d5 exd5 13. Nxd5 Nxd5 14. Qxd5
Qxd5 15. Bxd5 1/2-1/2

[Event "25th Czech Open A 2014"]
[Site "Pardubice CZE"]
[Date "2014.07.26"]
[Round "9.10"]
[White "Stefansson, Hannes"]
[Black "Yilmazyerli, Mert"]
[Result "1-0"]
[WhiteTitle "GM"]
[BlackTitle "FM"]
[WhiteElo "2536"]
[BlackElo "2452"]
[WhiteFideId "2300087"]
[BlackFideId "6305962"]
[EventDate "2014.07.18"]

1. d4 g6 2. e4 Bg7 3. Nc3 d6 4. f4 Nf6 5. Nf3 O-O 6. Bd3 Na6 7. O-O c5 8. d5 Bg4
9. Bc4 Nc7 10. h3 Bxf3 11. Qxf3 Nd7 12. a4 a6 13. Qd3 Rb8 14. a5 b5 15. axb6
Nxb6 16. Bb3 Nb5 17. Nd1 Nd4 18. Ba2 c4 19. Qd2 Qc8 20. Qf2 c3 21. Nxc3 Nc4 22.
Nd1 Na3 23. c3 Ndc2 24. Rb1 Nxb1 25. Qxc2 Nxc3 26. bxc3 Qc5+ 27. Kh1 Rfc8 28. c4
a5 29. Nc3 Qd4 30. Ne2 Qa7 31. Qd3 a4 32. Nc3 Rb3 33. Bxb3 axb3 34. Bd2 b2 35.
Qc2 Qa1 36. Rb1 Rxc4 37. e5 dxe5 38. Qxb2 Qxb2 39. Rxb2 Bh6 40. g3 exf4 41. Ne2
g5 42. gxf4 gxf4 43. Kg2 Kg7 44. Kf3 Rc5 45. Bc3+ Kg6 46. Rd2 Bg5 47. Rd3 Kf5
48. Nd4+ Kg6 49. Nc6 e6 50. Ne5+ Kf5 51. Nxf7 exd5 52. Nxg5 Kxg5 53. Bb4 Rb5 54.
Be7+ Kf5 55. Bd6 Ra5 56. Bxf4 Rb5 57. Rd4 Ra5 58. Be3 Rb5 59. Rh4 1-0

[Event "25th Czech Open A 2014"]
[Site "Pardubice CZE"]
[Date "2014.07.26"]
[Round "9.11"]
[White "Yagupov, Igor"]
[Black "Megaranto, Susanto"]
[Result "1/2-1/2"]
[WhiteTitle "GM"]
[BlackTitle "GM"]
[WhiteElo "2410"]
[BlackElo "2532"]
[WhiteFideId "4113632"]
[BlackFideId "7101384"]
[EventDate "2014.07.18"]

1. e4 e5 2. Nf3 Nc6 3. Bb5 Nf6 4. O-O Nxe4 5. Re1 Nd6 6. Nxe5 Be7 7. Bf1 Nxe5 8.
Rxe5 O-O 9. d4 Bf6 10. Re1 Nf5 11. c3 d5 12. Bf4 Bg5 13. Qf3 Bxf4 14. Qxf4 Qd6
15. Qxd6 Nxd6 16. Nd2 Bd7 17. Re5 c6 18. Bd3 Rfe8 19. Rae1 f6 20. Re7 Kf8 21.
Rxe8+ 1/2-1/2

[Event "25th Czech Open A 2014"]
[Site "Pardubice CZE"]
[Date "2014.07.26"]
[Round "9.12"]
[White "Krejci, Jan2"]
[Black "Camarena Gimenez, Rufino"]
[Result "1/2-1/2"]
[WhiteTitle "GM"]
[BlackTitle "IM"]
[WhiteElo "2528"]
[BlackElo "2343"]
[WhiteFideId "322156"]
[BlackFideId "2211106"]
[EventDate "2014.07.18"]

1. d4 Nf6 2. c4 g6 3. Nc3 Bg7 4. Nf3 d6 5. Bg5 h6 6. Bh4 g5 7. Bg3 Nh5 8. e3
Nxg3 9. hxg3 e6 10. Bd3 Qe7 11. Qc2 c5 12. d5 Na6 13. dxe6 Bxe6 14. a3 O-O 15.
Nd5 Bxd5 16. cxd5 Rfe8 17. Rd1 Nc7 18. Rd2 b5 19. Nh2 h5 20. Nf3 g4 21. Nh4 Qg5
22. Bh7+ Kf8 23. Qf5 Qxf5 24. Nxf5 Re5 25. Rxh5 Bf6 26. Rh6 Bg5 27. Rh5 Bf6 28.
Rh1 Rxd5 29. Rxd5 Nxd5 30. Nxd6 Bxb2 31. Nxb5 Rd8 32. Nxa7 Bc3+ 33. Ke2 Nf6 34.
e4 Rd2+ 35. Ke3 Rb2 36. Nc6 Nxh7 37. Rxh7 Be1 38. Ne5 Bxf2+ 39. Kf4 Bd4 40.
Rxf7+ Ke8 41. Rf5 Rxg2 42. Kxg4 Ra2 43. Nc6 Rxa3 44. Nxd4 cxd4 45. Rf3 d3 46.
Rf2 Ra7 47. Rd2 Rg7+ 48. Kf4 Rf7+ 49. Ke3 Rg7 50. Rg2 Rd7 51. Ra2 Kf8 52. Rf2+
Kg8 53. Rd2 Rg7 54. Kf4 Rf7+ 55. Ke3 Rg7 56. Rg2 Rd7 57. Rf2 Rd6 58. g4 Rd7 59.
Rd2 Rg7 60. Kf4 Rf7+ 61. Ke5 Rd7 62. Ke6 Rd4 63. Kf5 Kf7 64. g5 Rd8 65. e5 Rd4
66. g6+ Ke7 67. Ra2 d2 68. Ra7+ Rd7 69. Rxd7+ Kxd7 70. g7 1/2-1/2

[Event "25th Czech Open A 2014"]
[Site "Pardubice CZE"]
[Date "2014.07.26"]
[Round "9.13"]
[White "Tomazini, Zan"]
[Black "Chernyshov, Konstantin"]
[Result "0-1"]
[WhiteTitle "FM"]
[BlackTitle "GM"]
[WhiteElo "2313"]
[BlackElo "2508"]
[WhiteFideId "14608162"]
[BlackFideId "4117328"]
[EventDate "2014.07.18"]

1. e4 b6 2. d4 e6 3. Bd3 Bb7 4. Ne2 c5 5. c3 d6 6. Be3 Nf6 7. f3 Be7 8. O-O O-O
9. Nd2 Ba6 10. Bxa6 Nxa6 11. a3 Qd7 12. b4 Rfc8 13. Qb3 cxd4 14. cxd4 Nc7 15.
Rfc1 Nce8 16. a4 Rxc1+ 17. Nxc1 b5 18. axb5 Qxb5 19. Ra5 Qb7 20. b5 Bd8 21. Ra1
d5 22. Nd3 Nc7 23. Rb1 dxe4 24. Nc5 Qd5 25. fxe4 Qxb3 26. Rxb3 Rb8 27. Bf4 Nfe8
28. Ra3 Nxb5 29. Rxa7 Nxa7 30. Bxb8 Nc6 31. Be5 Bb6 32. Nd7 Ba7 33. Nb3 f6 34.
Bg3 e5 35. Bf2 exd4 36. Ndc5 Bxc5 37. Nxc5 Nd6 38. Kf1 Nc4 39. Ke2 N4e5 40. Kd2
Ng6 41. Ne6 Kf7 42. Nxd4 Nxd4 43. Bxd4 Nh4 44. Bf2 Nxg2 45. Bg3 Kg6 46. Ke2 Kg5
47. e5 fxe5 48. Bxe5 g6 49. Kf2 Nh4 50. Kg3 Nf5+ 51. Kh3 Ne3 52. Bc7 Nd5 53. Bb8
Nf4+ 54. Kg3 Ne6 55. Bd6 Kf5 56. h4 h5 57. Be7 Ke4 58. Bf6 Nf4 59. Bd8 Ne2+ 60.
Kf2 Nd4 61. Bf6 Nb5 62. Bg5 Nc3 63. Kg3 Ne2+ 64. Kf2 Nd4 65. Bf6 Nc6 66. Kg3 Kf5
67. Bb2 Ne5 68. Bc1 Ke4 69. Bg5 Nf3 70. Bf6 Ne1 71. Bg5 Nc2 72. Kf2 Kf5 73. Kg3
Ke5 74. Bd2 Ke4 75. Bh6 Ne3 76. Bg5 Nf5+ 77. Kf2 Ke5 78. Kf3 Nd4+ 79. Kf2 Kf5
80. Kg3 Ke4 81. Bd8 Nf5+ 82. Kh3 Kf3 83. Bf6 Ne3 84. Bg5 Nd5 85. Bd8 Nf4+ 86.
Kh2 Kg4 0-1

[Event "25th Czech Open A 2014"]
[Site "Pardubice CZE"]
[Date "2014.07.26"]
[Round "9.14"]
[White "Venkatesh, M.R."]
[Black "Mammadov, Zaur"]
[Result "1/2-1/2"]
[WhiteTitle "GM"]
[BlackTitle "IM"]
[WhiteElo "2498"]
[BlackElo "2441"]
[WhiteFideId "5005779"]
[BlackFideId "13401033"]
[EventDate "2014.07.18"]

1. e4 e6 2. d4 d5 3. Nd2 c5 4. Ngf3 Nc6 5. exd5 exd5 6. Bb5 Bd6 7. O-O Ne7 8.
dxc5 Bxc5 9. Nb3 Bd6 10. Bg5 O-O 11. Bh4 Qb6 12. Bd3 f6 13. c3 Bg4 14. Bg3 Bxg3
15. hxg3 Ne5 16. Be2 Nc4 17. Nfd4 Bxe2 18. Qxe2 Ng6 19. Rfe1 Nge5 20. f4 Nf7 21.
Rab1 Rad8 22. Qe7 Rc8 23. Kh2 Nh6 24. Qd7 Rfd8 25. Qh3 f5 26. Nxf5 Nxf5 27. Qxf5
Ne3 28. Qg5 Rc6 29. Nd4 Rg6 30. Qe7 Rh6+ 31. Kg1 Nf5 32. Qe5 Nxg3 33. f5 Rh1+
34. Kf2 Rxe1 35. Kxe1 Ne4 36. Qe6+ 1/2-1/2

[Event "25th Czech Open A 2014"]
[Site "Pardubice CZE"]
[Date "2014.07.26"]
[Round "9.15"]
[White "Neuman, Petr"]
[Black "Vetoshko, Volodymyr"]
[Result "0-1"]
[WhiteTitle "GM"]
[BlackTitle "FM"]
[WhiteElo "2488"]
[BlackElo "2338"]
[WhiteFideId "305243"]
[BlackFideId "14122480"]
[EventDate "2014.07.18"]

1. Nf3 Nf6 2. g3 d5 3. Bg2 c5 4. O-O Nc6 5. d4 e6 6. c4 dxc4 7. Ne5 Bd7 8. Nxc6
Bxc6 9. Bxc6+ bxc6 10. Qa4 cxd4 11. Qxc6+ Nd7 12. Qxc4 e5 13. e3 Bc5 14. exd4
Bxd4 15. Nd2 O-O 16. Nf3 Qf6 17. Qd5 Nb6 18. Qe4 h6 19. Rd1 Rad8 20. Kg2 Rfe8
21. Nxd4 exd4 22. Qf3 Qxf3+ 23. Kxf3 Rd5 24. Bd2 Rf5+ 25. Kg2 Re2 26. Be1 Nc4
27. Kg1 Ne5 28. Kf1 Rxb2 29. Rdb1 Rxb1 30. Rxb1 Nf3 31. Kg2 g5 32. h3 h5 33. g4
hxg4 34. hxg4 Rf4 35. Rb8+ Kg7 36. Ba5 Nh4+ 37. Kf1 Rxg4 38. Rb7 d3 39. Rd7 Ra4
40. Bc3+ Kg6 41. Rxd3 Rxa2 42. Rd6+ Kh5 43. Rf6 Kg4 44. Rxf7 a5 45. Ra7 a4 46.
Bf6 Nf3 47. Ra5 Kf4 48. Kg2 g4 49. Bd8 Ra1 50. Bc7+ Ke4 51. Bh2 Kd3 52. Ra8 a3
53. Rg8 Kc3 54. Rxg4 Nxh2 55. Kxh2 a2 0-1

[Event "25th Czech Open A 2014"]
[Site "Pardubice CZE"]
[Date "2014.07.26"]
[Round "9.16"]
[White "Lalic, Bogdan"]
[Black "Kozlitin, Oleg"]
[Result "1/2-1/2"]
[WhiteTitle "GM"]
[BlackTitle "IM"]
[WhiteElo "2482"]
[BlackElo "2331"]
[WhiteFideId "409081"]
[BlackFideId "4143590"]
[EventDate "2014.07.18"]

1. d4 Nf6 2. c4 g6 3. g3 Bg7 4. Bg2 d6 5. Nc3 O-O 6. Nf3 Nc6 7. O-O e5 8. d5 Ne7
9. e4 Nd7 10. Ne1 f5 11. Nd3 h6 12. f4 exf4 13. Bxf4 g5 14. Bd2 fxe4 15. Rxf8+
Qxf8 16. Nxe4 Nf6 17. Qe2 Nxe4 18. Bxe4 Bd4+ 19. Kg2 Qg7 20. Rf1 Bd7 21. Qh5 Rf8
22. Rxf8+ Kxf8 23. h4 Bf6 24. hxg5 Bxg5 25. Qf3+ Qf7 26. Nf4 Kg8 27. Qe2 Bf5 28.
Bxf5 Qxf5 29. Bc3 Bxf4 30. Qxe7 Be5 31. Qd8+ Kh7 32. Qxc7+ Kg6 33. Bxe5 Qxe5 34.
Qxb7 1/2-1/2

[Event "25th Czech Open A 2014"]
[Site "Pardubice CZE"]
[Date "2014.07.26"]
[Round "9.17"]
[White "Firat, Burak"]
[Black "Constantinou, Peter"]
[Result "1/2-1/2"]
[WhiteTitle "IM"]
[BlackTitle "FM"]
[WhiteElo "2458"]
[BlackElo "2285"]
[WhiteFideId "6305881"]
[BlackFideId "413038"]
[EventDate "2014.07.18"]

1. e4 c6 2. d4 d5 3. Nc3 g6 4. Nf3 Bg7 5. h3 dxe4 6. Nxe4 Na6 7. c3 Nc7 8. Bd3
Nf6 9. Nxf6+ exf6 10. O-O O-O 11. b3 a5 12. Re1 Be6 13. Bb2 a4 14. c4 Qb8 15.
Qd2 Rd8 16. Rac1 Rd7 17. b4 a3 18. Ba1 Qf8 19. d5 cxd5 20. c5 Bh6 21. Qc2 Bxc1
22. Rxc1 d4 23. b5 Rad8 24. Qd2 Bd5 25. c6 bxc6 26. bxc6 Rd6 27. Nxd4 Bxg2 28.
Kxg2 Rxd4 29. Bxd4 Rxd4 30. Qe3 Qd6 31. Be2 Kg7 32. Bf3 Rd2 33. Rc3 Rxa2 34. Rd3
Qe6 35. Rxa3 Rxa3 36. Qxa3 Qe5 37. Kg1 Ne6 38. Qb4 Nf4 39. h4 Ne6 40. Qc4 Qe1+
41. Kg2 Qe5 42. Kg1 Nf4 43. Qc1 Qc7 44. Qc3 h6 45. Qc2 h5 46. Qc3 Ne6 47. Bd5
Nf4 48. Bf3 1/2-1/2

[Event "25th Czech Open A 2014"]
[Site "Pardubice CZE"]
[Date "2014.07.26"]
[Round "9.18"]
[White "Kanmazalp, Ogulcan"]
[Black "Teske, Henrik"]
[Result "1/2-1/2"]
[WhiteTitle "IM"]
[BlackTitle "GM"]
[WhiteElo "2412"]
[BlackElo "2512"]
[WhiteFideId "6304990"]
[BlackFideId "4611500"]
[EventDate "2014.07.18"]

1. e4 e5 2. Nf3 Nc6 3. Bb5 g6 4. d4 exd4 5. Bg5 Be7 6. Bxe7 Ngxe7 7. Nxd4 O-O 8.
Nc3 a6 9. Nxc6 dxc6 10. Bd3 c5 11. O-O Qd4 12. Qf3 c4 13. Be2 b5 14. Rad1 1/2-1/2

[Event "25th Czech Open A 2014"]
[Site "Pardubice CZE"]
[Date "2014.07.26"]
[Round "9.19"]
[White "Vajda, Levente"]
[Black "Vyskocil, Neklan"]
[Result "1/2-1/2"]
[WhiteTitle "GM"]
[BlackTitle "IM"]
[WhiteElo "2569"]
[BlackElo "2407"]
[WhiteFideId "1203975"]
[BlackFideId "307106"]
[EventDate "2014.07.18"]

1. e4 c5 2. c3 Nf6 3. e5 Nd5 4. d4 cxd4 5. Nf3 e6 6. cxd4 b6 7. Nc3 Nxc3 8. bxc3
Qc7 9. Bd2 d6 10. Bd3 Nd7 11. O-O dxe5 12. Ng5 Bb7 13. Qh5 g6 14. Qh3 Be7 15.
Rae1 Bd5 16. f4 Bxg5 17. fxg5 Bc4 18. Re4 Bxd3 19. Qxd3 O-O 20. Qh3 exd4 21. Rh4
h5 22. cxd4 f5 23. gxf6 Rxf6 24. Rhf4 Raf8 25. Qd3 Kh7 26. g3 Qd6 27. Qc4 Rxf4
28. Bxf4 Qd5 29. Qxd5 exd5 30. Rc1 Rf7 31. Rc7 g5 32. Bd6 a5 33. a4 Kg6 34. Kg2
Kf5 35. h4 g4 36. Rc8 Ke4 37. Rh8 Rf5 38. Rd8 Rf7 39. Rh8 Rf5 40. Rd8 Nf6 41.
Be5 Ke3 42. Kg1 Ne4 43. Rxd5 Nxg3 44. Rb5 Ne2+ 45. Kg2 Rf2+ 46. Kh1 Rf1+ 47. Kg2
Rg1+ 48. Kh2 g3+ 49. Bxg3 Rxg3 50. Re5+ Kxd4 51. Rxe2 Rg4 52. Kh3 Kd5 53. Rf2
Ke5 54. Rf8 Rxa4 55. Rh8 Ra3+ 56. Kg2 Kf4 57. Rxh5 Rb3 58. Rh8 a4 59. h5 Kg5 60.
h6 b5 61. Kf2 Kg6 62. Ke2 a3 63. Kd2 b4 64. h7 Kg7 65. Ra8 Kxh7 66. Kc2 Rc3+ 67.
Kb1 Kg6 68. Ra4 Rc4 69. Ka2 Kf5 70. Kb3 Rd4 71. Ra5+ Ke4 72. Rh5 Kd3 73. Rh2 Ke3
74. Rh3+ Kd2 75. Rh1 Rg4 76. Rh2+ Ke3 77. Rh3+ Kf2 78. Rh1 Rg1 79. Rh4 Rb1+ 80.
Ka2 Kg3 81. Rd4 Rb2+ 82. Ka1 Rb3 83. Ka2 Rb2+ 84. Ka1 b3 85. Rg4+ Kf3 86. Rg3+
Ke4 87. Rg4+ 1/2-1/2

[Event "25th Czech Open A 2014"]
[Site "Pardubice CZE"]
[Date "2014.07.26"]
[Round "9.20"]
[White "Bluebaum, Matthias"]
[Black "Sukandar, Irine Kharisma"]
[Result "1-0"]
[WhiteTitle "IM"]
[BlackTitle "WGM"]
[WhiteElo "2510"]
[BlackElo "2375"]
[WhiteFideId "24651516"]
[BlackFideId "7101937"]
[EventDate "2014.07.18"]

1. Nf3 Nf6 2. c4 e6 3. g3 d5 4. Bg2 c6 5. Qc2 Bd6 6. d4 O-O 7. O-O Nbd7 8. b3
Qe7 9. Nc3 Re8 10. Bb2 Ba3 11. Bxa3 Qxa3 12. e4 dxe4 13. Nxe4 Nxe4 14. Qxe4 Nf6
15. Qe3 Bd7 16. Ne5 Rad8 17. c5 Qa5 18. Nc4 Qc7 19. Qe5 Qxe5 20. dxe5 Nd5 21.
Nd6 Re7 22. Nxb7 Rb8 23. Nd6 f6 24. Rfe1 Kf8 25. Be4 Be8 26. exf6 gxf6 27. f4
Bh5 28. Rac1 Rb4 29. Kf2 Rd4 30. Kg1 Rd2 31. Rc2 Rxc2 32. Bxc2 Nc3 33. Ne4 Bg6
34. Nxc3 Bxc2 35. Re2 Bg6 36. Rd2 Rc7 37. Kf2 Ke7 38. Ke3 e5 39. Ne4 Bf7 40. Rd6
Be6 41. fxe5 fxe5 42. Ng5 Bf5 43. Nf3 1-0